[Event "World Rapid Team 2023"]
[Site "Dusseldorf GER"]
[Date "2023.08.28"]
[Round "11.14"]
[Board "2"]
[White "Pak, Alexander"]
[Black "Short, Nigel D"]
[Result "0-1"]
[BlackTitle "GM"]
[WhiteElo "2170"]
[BlackElo "2592"]
[WhiteTeam "Ecole Polytechnique Francaise de Lausanne"]
[BlackTeam "FIDE Management Board"]
[WhiteFideId "4164717"]
[BlackFideId "400025"]
[EventDate "2023.08.26"]

1. b3 Nf6 2. Bb2 g6 3. Nf3 Bg7 4. g3 b6 5. Bg2 Bb7 6. O-O c5 7. c4 d6 8. d4 cxd4
9. Nxd4 Bxg2 10. Kxg2 h5 11. Nf3 Nbd7 12. Nc3 a6 13. Re1 O-O 14. e4 Re8 15. Qc2
Qb8 16. a4 Qb7 17. Rad1 Rac8 18. Qb1 Nc5 19. Ba1 Ng4 20. h3 Ne5 21. Nxe5 dxe5
22. Kg1 Ne6 23. Nd5 b5 24. axb5 axb5 25. Qd3 bxc4 26. bxc4 Nc5 27. Qe3 e6 28.
Nc3 Qb3 29. Nb5 Rc6 30. Qxb3 Nxb3 31. Bb2 Ra8 32. Rd3 Nc5 33. Rd6 Rxd6 34. Nxd6
Ra2 35. Bc1 Bf8 36. Nb5 Nd3 37. Rf1 Nxf2 38. Be3 Nxe4 39. Rc1 Bc5 40. Bxc5 Nxc5
41. Rf1 e4 42. Rf2 Rxf2 43. Kxf2 f5 44. Ke3 e5 45. Nc7 h4 46. gxh4 f4+ 47. Ke2
Kf7 48. Nd5 Nb3 49. Nc3 Nc5 50. Nd5 Ke6 51. Nc3 Kf5 52. Nd5 Nb3 53. Ne7+ Kf6 54.
Nd5+ Ke6 55. Nc3 Kf5 56. Na4 Nd4+ 57. Ke1 e3 58. c5 f3 59. Nc3 e4 60. c6 Nxc6
61. Nd5 e2 62. h5 gxh5 63. h4 Ke5 64. Ne3 Nb4 0-1

[Event "World Rapid Team 2023"]
[Site "Dusseldorf GER"]
[Date "2023.08.28"]
[Round "11.14"]
[Board "4"]
[White "Pheng, Wissam"]
[Black "Iashvili, Akaki"]
[Result "1-0"]
[BlackTitle "IM"]
[WhiteElo "1940"]
[BlackElo "2342"]
[WhiteTeam "Ecole Polytechnique Francaise de Lausanne"]
[BlackTeam "FIDE Management Board"]
[WhiteFideId "26008505"]
[BlackFideId "13600281"]
[EventDate "2023.08.26"]

1. e4 Nf6 2. e5 Nd5 3. d4 d6 4. Bc4 Nb6 5. Bb3 dxe5 6. Qh5 e6 7. dxe5 a5 8. a4
Nc6 9. Nf3 g6 10. Qg4 Bg7 11. Bg5 Qd7 12. Nc3 Nxe5 13. Nxe5 Bxe5 14. Rd1 Bd6 15.
Ne4 f5 16. Nf6+ Kf7 17. Nxd7 fxg4 18. Nxb6 Bb4+ 19. c3 cxb6 20. cxb4 axb4 21.
O-O h6 22. Bf4 Ra5 23. Bc7 1-0

[Event "World Rapid Team 2023"]
[Site "Dusseldorf GER"]
[Date "2023.08.28"]
[Round "11.14"]
[Board "5"]
[White "Reizniece-Ozola, Dana"]
[Black "Wasserfallen, Benedict"]
[Result "1-0"]
[WhiteTitle "WGM"]
[WhiteElo "2268"]
[BlackElo "1853"]
[WhiteTeam "FIDE Management Board"]
[BlackTeam "Ecole Polytechnique Francaise de Lausanne"]
[WhiteFideId "11601124"]
[BlackFideId "1344927"]
[EventDate "2023.08.26"]

1. c4 e5 2. Nc3 d6 3. g3 f5 4. Bg2 Nf6 5. d3 c6 6. e4 Be7 7. Nge2 O-O 8. h3 Qe8
9. exf5 Bxf5 10. g4 Bg6 11. O-O Na6 12. f4 exf4 13. Nxf4 Bf7 14. b3 Qd7 15. Bb2
Qc7 16. d4 Rae8 17. Qd2 Qa5 18. Rad1 Bd8 19. d5 Bb6+ 20. Kh1 Be3 21. Qc2 Nb4 22.
Qb1 cxd5 23. a3 d4 24. axb4 Qg5 25. Ncd5 Nxg4 26. Bxd4 Bxd4 27. Rxd4 Ne3 28.
Nxe3 Rxe3 29. Nd5 Re2 30. Rg4 Qd2 31. Nf6+ Kh8 32. Qxh7# 1-0

[Event "World Rapid Team 2023"]
[Site "Dusseldorf GER"]
[Date "2023.08.28"]
[Round "11.14"]
[Board "6"]
[White "Pheng, Sophia"]
[Black "Ozols, Andris"]
[Result "0-1"]
[WhiteElo "1128"]
[BlackElo "1490"]
[WhiteTeam "Ecole Polytechnique Francaise de Lausanne"]
[BlackTeam "FIDE Management Board"]
[WhiteFideId "26066602"]
[BlackFideId "11605456"]
[EventDate "2023.08.26"]

1. e4 c5 2. Nc3 a6 3. f4 b5 4. Nf3 Bb7 5. d3 e6 6. Qe2 Be7 7. g3 Nf6 8. Bg2 O-O
9. b3 Nc6 10. Bb2 d5 11. exd5 Nxd5 12. Nxd5 exd5 13. Ne5 Re8 14. O-O Bf6 15.
Rab1 Qd6 16. Rfe1 Re7 17. c4 d4 18. Bxc6 Bxc6 19. Qh5 Bxe5 20. fxe5 Qe6 21. Re2
Rae8 22. Rbe1 Ba8 23. Bc1 Qc6 24. Rf1 f6 25. exf6 Qh1+ 26. Kf2 Qg2+ 27. Ke1
Rxe2+ 28. Qxe2 Qxe2# 0-1

[Event "World Rapid Team 2023"]
[Site "Dusseldorf GER"]
[Date "2023.08.28"]
[Round "11.15"]
[Board "1"]
[White "Haasler, Andreas"]
[Black "Hagner, Bennet"]
[Result "1-0"]
[BlackTitle "FM"]
[WhiteElo "2222"]
[BlackElo "2323"]
[WhiteTeam "MagdeBurg and Friends"]
[BlackTeam "Mitropa Chess Association"]
[WhiteFideId "4658906"]
[BlackFideId "16224477"]
[EventDate "2023.08.26"]

1. Nf3 Nf6 2. b3 g6 3. Bb2 Bg7 4. g3 O-O 5. Bg2 c5 6. c4 Nc6 7. O-O e6 8. d4
cxd4 9. Nxd4 a6 10. Nc3 Qc7 11. Rc1 d6 12. Nd5 exd5 13. cxd5 Nxd5 14. Bxd5 Bd7
15. Qd2 Qb6 16. Nxc6 bxc6 17. Bxg7 Kxg7 18. Bxc6 Bxc6 19. Qc3+ Kg8 20. Qxc6 Qa5
21. Qc2 h5 22. Rfd1 Rfd8 23. Qd2 Qe5 24. e3 a5 25. Qd4 Qb5 26. Qd5 Qxd5 27. Rxd5
a4 28. b4 a3 29. Rcd1 Ra6 30. R1d3 Rb8 31. Rxd6 Raa8 32. Rb3 Rc8 33. Rdd3 Rab8
34. Rd4 Ra8 35. Rd2 Rab8 36. Kg2 Rb5 37. Rd4 Ra8 38. Kf3 Kg7 39. h4 Rf5+ 40. Ke2
Rb5 41. Kd3 Rf5 42. f4 Rb5 43. e4 Rb7 44. b5 Rc8 45. Rd5 Rc1 46. Rxa3 Rg1 47.
Kd4 Rc7 48. b6 Rb7 49. Rb3 Ra1 50. a3 Kf6 51. Kc5 Rc1+ 52. Kb5 Rb8 53. a4 Ke6
54. a5 f5 55. Re5+ Kf6 56. exf5 gxf5 57. Rc5 Rd1 58. a6 1-0

[Event "World Rapid Team 2023"]
[Site "Dusseldorf GER"]
[Date "2023.08.28"]
[Round "11.15"]
[Board "2"]
[White "Perossa, Nicolas"]
[Black "Katz, Roland"]
[Result "1-0"]
[WhiteElo "2265"]
[BlackElo "2035"]
[WhiteTeam "Mitropa Chess Association"]
[BlackTeam "MagdeBurg and Friends"]
[WhiteFideId "2850520"]
[BlackFideId "4623916"]
[EventDate "2023.08.26"]

1. e4 c6 2. d4 d5 3. Nc3 dxe4 4. Nxe4 Bf5 5. Ng3 Bg6 6. h4 h6 7. Nf3 Nd7 8. Bd3
Bxd3 9. Qxd3 e6 10. Bd2 Qc7 11. a4 Ngf6 12. a5 Bd6 13. Ne2 c5 14. Nc3 a6 15. Be3
Bf4 16. Bxf4 Qxf4 17. Ra4 Qd6 18. Nd2 O-O 19. O-O Rac8 20. Rc4 cxd4 21. Rxd4 Qc7
22. Nde4 Qc6 23. Rd1 Nxe4 24. Qxe4 Qxe4 25. Rxe4 Nf6 26. Rb4 Rc7 27. Rd6 Re8 28.
Rdb6 Ree7 29. Kf1 Kf8 30. Ke2 Red7 31. g4 Ke7 32. g5 hxg5 33. hxg5 Ne8 34. f4
Nd6 35. Rd4 Nc4 36. Rxd7+ Kxd7 37. Rb4 Nxa5 38. Kd1 Nc6 39. Rb6 Kc8 40. Ne4 Rd7+
41. Ke2 Rd5 42. c4 Rd4 43. Ke3 Rd7 44. Nc5 Rc7 45. Ne4 Nd8 46. Nd6+ Kb8 47. Rb3
Rc6 48. Rd3 Kc7 49. Ne8+ Kc8 50. b4 g6 51. b5 axb5 52. cxb5 Rc5 53. b6 Rd5 54.
Rxd5 exd5 55. Nc7 Kd7 56. Nxd5 Kc6 57. Ke4 Ne6 58. Ke5 Nc5 59. Ne7+ Kxb6 60. Kf6
Ne6 61. Nxg6 Nd8 62. f5 Kc5 63. Ne5 b5 64. g6 fxg6 65. fxg6 1-0

[Event "World Rapid Team 2023"]
[Site "Dusseldorf GER"]
[Date "2023.08.28"]
[Round "11.15"]
[Board "3"]
[White "Kuhne, Detlev"]
[Black "Bordin, Silvia"]
[Result "1/2-1/2"]
[WhiteElo "2050"]
[BlackElo "1933"]
[WhiteTeam "MagdeBurg and Friends"]
[BlackTeam "Mitropa Chess Association"]
[WhiteFideId "4642872"]
[BlackFideId "2837612"]
[EventDate "2023.08.26"]

1. Nf3 d5 2. d4 e6 3. c4 c5 4. cxd5 exd5 5. g3 Nf6 6. Bg2 Nc6 7. O-O c4 8. b3
cxb3 9. Qxb3 Be7 10. Bg5 O-O 11. e3 b6 12. Nbd2 Bb7 13. Rfc1 h6 14. Bxf6 Bxf6
15. Qa4 Qd7 16. Bf1 Qe6 17. Ba6 Na5 18. Bxb7 Nxb7 19. Rc7 Nd6 20. Rac1 Rac8 21.
R1c6 Rxc7 22. Rxc7 a5 23. Qc6 Nc8 24. Qb7 Nd6 25. Qc6 Nc8 26. Qb5 Nd6 27. Qa6
Bd8 28. Rc6 Qd7 29. Rc2 Qa4 30. Qd3 Re8 31. Ne5 Bf6 32. Nef3 Ne4 33. Qb3 Qxb3
34. Nxb3 a4 35. Nbd2 Rb8 36. Nxe4 dxe4 37. Nd2 b5 38. Nxe4 Be7 39. Nc5 Rc8 40.
a3 f6 41. Kg2 Kf7 42. Kf3 Rb8 43. Rb2 f5 44. h4 Bxc5 45. dxc5 Ke6 46. e4 Ke5 47.
exf5 Kxf5 48. c6 Ke6 49. c7 Rc8 50. Rxb5 Rxc7 51. Rb6+ Kf7 52. Kf4 Rc3 53. Rb7+
Kf6 54. Rb6+ Kf7 55. g4 Rxa3 56. g5 hxg5+ 57. hxg5 Ra2 58. f3 a3 59. Kf5 Rf2 60.
Rb7+ Kf8 61. f4 a2 62. Ra7 Rb2 63. Kg6 Rb6+ 64. Kh7 Rb2 65. Ra8+ Kf7 66. g6+ Kf6
67. Ra6+ Kf5 68. Kxg7 Kxf4 69. Kg8 Ke4 70. g7 Kd3 71. Kf8 Rf2+ 72. Ke8 Re2+ 73.
Kd7 Rg2 74. Rxa2 Rxg7+ 1/2-1/2

[Event "World Rapid Team 2023"]
[Site "Dusseldorf GER"]
[Date "2023.08.28"]
[Round "11.15"]
[Board "4"]
[White "Peglau, Charis"]
[Black "Berndt, Matthias"]
[Result "1-0"]
[WhiteTitle "WFM"]
[WhiteElo "2094"]
[BlackElo "2072"]
[WhiteTeam "Mitropa Chess Association"]
[BlackTeam "MagdeBurg and Friends"]
[WhiteFideId "16219996"]
[BlackFideId "4622839"]
[EventDate "2023.08.26"]

1. Nf3 Nf6 2. e3 d5 3. b3 c5 4. Bb2 Nc6 5. Be2 e6 6. O-O Bd6 7. d4 Qc7 8. dxc5
Bxc5 9. c4 dxc4 10. Bxc4 O-O 11. Bxf6 gxf6 12. Nc3 a6 13. Ne4 Be7 14. Rc1 Qa5
15. Nd4 Ne5 16. f4 Nxc4 17. Rxc4 f5 18. Qh5 f6 19. Rcc1 Qd8 20. Nc5 Bxc5 21.
Rxc5 Qe8 22. Qh6 Qg6 23. Qh4 Qg4 24. Qe1 Re8 25. Rf3 Qh5 26. Rc7 e5 27. Rh3 Qg6
28. Rg3 exd4 29. Rxg6+ hxg6 30. Qh4 1-0

[Event "World Rapid Team 2023"]
[Site "Dusseldorf GER"]
[Date "2023.08.28"]
[Round "11.15"]
[Board "5"]
[White "Giebel, Christine"]
[Black "Peglau, Dora"]
[Result "0-1"]
[WhiteElo "1830"]
[BlackElo "2052"]
[WhiteTeam "MagdeBurg and Friends"]
[BlackTeam "Mitropa Chess Association"]
[WhiteFideId "12926418"]
[BlackFideId "16220005"]
[EventDate "2023.08.26"]

1. e4 c5 2. c3 d5 3. e5 Nc6 4. Bb5 Bf5 5. Nf3 e6 6. O-O Qb6 7. Qa4 Ne7 8. d4 a6
9. Na3 Qa7 10. dxc5 axb5 11. Qxa7 Nxa7 12. Nd4 Rc8 13. Naxb5 Nxb5 14. Nxb5 Ng6
15. Nd6+ Bxd6 16. exd6 Rxc5 17. Be3 Rc6 18. b4 Rxd6 19. a4 Rc6 20. a5 O-O 21.
Bc5 Rfc8 22. Rfd1 Nf4 23. Rd2 Nd3 24. Bd4 e5 25. b5 Rc4 26. Rxd3 Bxd3 27. Bxe5
Re4 0-1

[Event "World Rapid Team 2023"]
[Site "Dusseldorf GER"]
[Date "2023.08.28"]
[Round "11.15"]
[Board "6"]
[White "Peglau, Paul David"]
[Black "Meffert, Claudia"]
[Result "1-0"]
[WhiteElo "1768"]
[BlackElo "1733"]
[WhiteTeam "Mitropa Chess Association"]
[BlackTeam "MagdeBurg and Friends"]
[WhiteFideId "16290550"]
[BlackFideId "12961515"]
[EventDate "2023.08.26"]

1. c4 e5 2. Nc3 Nf6 3. g3 Nc6 4. Bg2 Bc5 5. e3 O-O 6. Nge2 d6 7. d4 exd4 8. exd4
Bb6 9. O-O Bg4 10. Be3 Re8 11. a3 Rb8 12. c5 dxc5 13. dxc5 Ba5 14. b4 Nxb4 15.
axb4 Bxb4 16. Qxd8 Rbxd8 17. h3 Bxe2 18. Nxe2 Bxc5 19. Bxc5 Rxe2 20. Bxb7 Rc2
21. Bxa7 h6 22. Rfc1 Rdd2 23. Be3 Rxc1+ 24. Rxc1 Rb2 25. Rxc7 g6 26. Bd4 Rb1+
27. Kg2 Ne8 28. Rc8 Kf8 29. Bc6 1-0

[Event "World Rapid Team 2023"]
[Site "Dusseldorf GER"]
[Date "2023.08.28"]
[Round "11.16"]
[Board "1"]
[White "Helbig, Mark"]
[Black "Dyachuk, Artem"]
[Result "0-1"]
[WhiteTitle "FM"]
[BlackTitle "FM"]
[WhiteElo "2307"]
[BlackElo "2242"]
[WhiteTeam "Neustadt Weinstrasse"]
[BlackTeam "Chess Wizzards"]
[WhiteFideId "4675622"]
[BlackFideId "34107924"]
[EventDate "2023.08.26"]

1. d4 Nf6 2. c4 e6 3. Nf3 c5 4. e3 cxd4 5. exd4 d5 6. Nc3 Bb4 7. Bd2 O-O 8. cxd5
Nxd5 9. Bd3 b6 10. O-O Bb7 11. Qc2 h6 12. Ne5 Nf6 13. Be3 Nc6 14. Rfd1 Rc8 15.
Qe2 Ne7 16. Rac1 Ned5 17. Bd2 Qe7 18. Ba6 Bxa6 19. Qxa6 Rc7 20. Nxd5 Nxd5 21.
Rxc7 Qxc7 22. Rc1 Qd6 23. Qd3 Rd8 24. g3 Bxd2 25. Qxd2 Nf6 26. Nc6 Rd7 27. b4
Qd5 28. Qc2 Rc7 29. a4 a6 30. h4 Kh8 31. Qc4 Qf3 32. b5 axb5 33. axb5 Ng4 34.
Qf1 Rd7 35. Qg2 Qf5 36. Ra1 Kh7 37. Ra7 Rxa7 38. Nxa7 Qd3 39. Nc6 Qxb5 40. Qe4+
f5 41. Qxe6 Qb1+ 42. Kg2 Qc2 0-1

[Event "World Rapid Team 2023"]
[Site "Dusseldorf GER"]
[Date "2023.08.28"]
[Round "11.16"]
[Board "2"]
[White "Nechitaylo, Nikita"]
[Black "Schulz-Knappe, Florian"]
[Result "1/2-1/2"]
[WhiteElo "2116"]
[BlackElo "2137"]
[WhiteTeam "Chess Wizzards"]
[BlackTeam "Neustadt Weinstrasse"]
[WhiteFideId "34138161"]
[BlackFideId "4627580"]
[EventDate "2023.08.26"]

1. d4 Nf6 2. Nf3 g6 3. Nbd2 d5 4. e3 Bg7 5. b3 O-O 6. Be2 Nbd7 7. O-O b6 8. Bb2
Bb7 9. Rc1 c5 10. dxc5 Nxc5 11. Ne5 Rc8 12. Ndf3 Nce4 13. c4 dxc4 14. Bxc4 Nd6
15. Be2 Nfe4 16. Rxc8 Qxc8 17. Qc1 Rd8 18. Nc4 Nxc4 19. Bxc4 Nd6 20. Bxg7 Kxg7
21. Qb2+ Kg8 22. Be2 Ne4 23. Rc1 Qd7 24. Bc4 Nd6 25. Be2 Ne4 26. h3 Rc8 27. Rd1
Qc7 28. Nd4 a6 29. Bg4 Rd8 30. Bf3 e5 31. Rc1 Qd6 32. Ne2 Ba8 33. b4 h6 34. a4
Kh7 35. Qb3 Kg7 36. Bxe4 Bxe4 37. Nc3 Rc8 38. Rd1 Qc6 39. Nxe4 Qxe4 40. Rd7 Rc1+
41. Kh2 Qf5 42. Qd5 1/2-1/2

[Event "World Rapid Team 2023"]
[Site "Dusseldorf GER"]
[Date "2023.08.28"]
[Round "11.16"]
[Board "3"]
[White "Teuffer, Michael"]
[Black "Korchynskyi, Mykola"]
[Result "0-1"]
[WhiteElo "2189"]
[BlackElo "2016"]
[WhiteTeam "Neustadt Weinstrasse"]
[BlackTeam "Chess Wizzards"]
[WhiteFideId "24680427"]
[BlackFideId "34138005"]
[EventDate "2023.08.26"]

1. d4 d5 2. Nc3 Nf6 3. Bg5 e6 4. e4 dxe4 5. Nxe4 Be7 6. Bxf6 Bxf6 7. Nf3 O-O 8.
c3 b6 9. Bd3 Bb7 10. Qc2 h6 11. O-O-O Nd7 12. h4 Be7 13. g4 f5 14. gxf5 exf5 15.
Bc4+ Kh8 16. Ned2 Bd6 17. Kb1 Bf4 18. Rhg1 Bxd2 19. Nxd2 Qxh4 20. Be6 Nf6 21.
Bxf5 Rae8 22. f3 Nd5 23. Nc4 Ba6 24. Ne5 Rxe5 25. dxe5 Ne3 26. Qe4 Nxf5 27. Rg4
Qe7 28. f4 Bc8 0-1

[Event "World Rapid Team 2023"]
[Site "Dusseldorf GER"]
[Date "2023.08.28"]
[Round "11.16"]
[Board "4"]
[White "Kliashtornyi, Arkadii"]
[Black "Gaab, Wolfgang"]
[Result "1-0"]
[WhiteElo "1975"]
[BlackElo "2060"]
[WhiteTeam "Chess Wizzards"]
[BlackTeam "Neustadt Weinstrasse"]
[WhiteFideId "34119698"]
[BlackFideId "24679054"]
[EventDate "2023.08.26"]

1. d4 Nf6 2. g3 d6 3. Bg2 Nc6 4. e4 e5 5. d5 Ne7 6. c4 g6 7. Ne2 Bg7 8. O-O O-O
9. Nbc3 Ne8 10. b4 a5 11. bxa5 Rxa5 12. Bd2 f5 13. Qb3 Ra8 14. c5 Kh8 15. Be3 h6
16. Rad1 g5 17. f4 fxe4 18. fxg5 Nf5 19. Nxe4 Nxe3 20. Qxe3 hxg5 21. Nxg5 Nf6
22. Qd3 e4 23. Bxe4 Nxe4 24. Rxf8+ Bxf8 25. Nf7+ Kg7 26. Nxd8 Bf5 27. Ne6+ Kf6
28. Qd4+ Ke7 29. cxd6+ Nxd6 30. Qh4+ Kd7 31. Nc5+ Ke8 32. Nd4 Bg7 33. Re1+ Kf7
34. Qe7+ Kg6 35. Nxf5 Nxf5 36. Qe6+ Kg5 37. Ne4+ Kg4 38. Qg6+ Kf3 39. Qh5# 1-0

[Event "World Rapid Team 2023"]
[Site "Dusseldorf GER"]
[Date "2023.08.28"]
[Round "11.16"]
[Board "5"]
[White "Mader, Lena"]
[Black "Nechitaylo, Lev"]
[Result "1-0"]
[WhiteElo "1841"]
[BlackElo "1462"]
[WhiteTeam "Neustadt Weinstrasse"]
[BlackTeam "Chess Wizzards"]
[WhiteFideId "24653560"]
[BlackFideId "34141383"]
[EventDate "2023.08.26"]

1. c4 e5 2. g3 Nf6 3. Bg2 Nc6 4. Nc3 d6 5. d3 Be6 6. Nf3 Be7 7. O-O O-O 8. Rb1
a5 9. a3 d5 10. cxd5 Nxd5 11. Bd2 f5 12. Qb3 Bf7 13. Qxb7 Nxc3 14. bxc3 Na7 15.
Nxe5 c6 16. Nxf7 Rxf7 17. Qb3 Rc8 18. a4 Bg5 19. Bxg5 Qxg5 20. e3 h5 21. h4 Qf6
22. Bf3 g6 23. d4 Kg7 24. c4 Rh8 25. Qb2 Kg8 26. d5 Qd6 27. Qb8+ Qxb8 28. Rxb8+
Kg7 29. Rfb1 cxd5 30. Bxd5 Re7 31. R8b7 Re8 32. Rxe7+ Rxe7 33. Rb7 Rxb7 34. Bxb7
Kf6 35. Kf1 Ke5 36. Ke2 Kd6 37. Kd3 Kc5 38. Kc3 Nc6 39. Bxc6 Kxc6 40. Kd4 Kd6
41. c5+ Kc6 42. Kc4 g5 43. hxg5 h4 44. gxh4 1-0

[Event "World Rapid Team 2023"]
[Site "Dusseldorf GER"]
[Date "2023.08.28"]
[Round "11.17"]
[Board "1"]
[White "Li, Yunqi"]
[Black "Namale, Ben Nguku"]
[Result "0-1"]
[BlackTitle "CM"]
[WhiteElo "1659"]
[BlackElo "1967"]
[WhiteTeam "Deutsche Schachjugend 2"]
[BlackTeam "Kenya Commercial Bank Chess Club"]
[WhiteFideId "34610618"]
[BlackFideId "10800263"]
[EventDate "2023.08.26"]

1. e4 c6 2. d4 d5 3. exd5 cxd5 4. c4 Nf6 5. Nc3 g6 6. cxd5 Bg7 7. Qb3 O-O 8. Be2
Nbd7 9. Bf3 Nb6 10. Be3 e6 11. dxe6 Bxe6 12. Qc2 Nfd5 13. Nxd5 Nxd5 14. Ne2 Nxe3
15. fxe3 Rc8 16. Qd1 Qh4+ 17. g3 Qg5 18. Nf4 Bc4 19. Kf2 Rfe8 20. Re1 h5 21. h4
Qf6 22. Qd2 Qb6 23. b3 Be6 24. Rac1 Bf5 25. Rxc8 Rxc8 26. Rc1 Rxc1 27. Qxc1 Qa5
28. Qb2 Bf8 29. Bxb7 Ba3 30. Qe2 Qc3 31. Ba6 Be4 32. Bd3 Bb7 0-1

[Event "World Rapid Team 2023"]
[Site "Dusseldorf GER"]
[Date "2023.08.28"]
[Round "11.17"]
[Board "2"]
[White "Magana, Ben"]
[Black "Lorenz, Veronika"]
[Result "1-0"]
[WhiteTitle "CM"]
[WhiteElo "2020"]
[BlackElo "1668"]
[WhiteTeam "Kenya Commercial Bank Chess Club"]
[BlackTeam "Deutsche Schachjugend 2"]
[WhiteFideId "10800166"]
[BlackFideId "16277406"]
[EventDate "2023.08.26"]

1. d4 Nf6 2. Bf4 g6 3. Nc3 Bg7 4. e4 d6 5. Qd2 Nbd7 6. O-O-O O-O 7. Bh6 c5 8.
Nf3 a6 9. Bxg7 Kxg7 10. e5 Ne8 11. dxc5 Nxc5 12. Qe3 Qc7 13. Nd5 Qa5 14. b4 Qxa2
15. bxc5 Bf5 16. Qb3 Qa5 17. Qc3 Qxc3 18. Nxc3 dxc5 19. Bd3 Bg4 20. Be4 Rb8 21.
h3 Be6 22. Nd5 Bxd5 23. Rxd5 b6 24. Rd7 e6 25. Ng5 Kg8 26. Bb7 a5 27. Rhd1 Ng7
28. g4 a4 29. Rc7 Rfd8 30. Rxd8+ Rxd8 31. Nxf7 Rf8 32. Nh6+ Kh8 33. f3 a3 34.
Rd7 b5 35. Rc7 Rb8 36. Rc8+ Rxc8 37. Bxc8 b4 38. Bd7 c4 39. Kb1 c3 40. Ka2 1-0

[Event "World Rapid Team 2023"]
[Site "Dusseldorf GER"]
[Date "2023.08.28"]
[Round "11.17"]
[Board "3"]
[White "Mueller, Konstantin"]
[Black "Methu, Joseph Muragu"]
[Result "0-1"]
[WhiteElo "1696"]
[BlackElo "1989"]
[WhiteTeam "Deutsche Schachjugend 2"]
[BlackTeam "Kenya Commercial Bank Chess Club"]
[WhiteFideId "34661778"]
[BlackFideId "10804714"]
[EventDate "2023.08.26"]

1. e4 Nf6 2. e5 Nd5 3. d4 Nb6 4. c4 d6 5. exd6 cxd6 6. Nc3 g6 7. Nf3 Bg7 8. Be2
O-O 9. O-O Nc6 10. d5 Nb8 11. Be3 Bg4 12. Bd4 Bxf3 13. Bxf3 Nxc4 14. Bxg7 Kxg7
15. Qd4+ Ne5 16. Be2 Kg8 17. f4 Ned7 18. Rac1 a6 19. Ne4 Re8 20. Qb4 Qb6+ 21.
Qxb6 Nxb6 22. Rc7 Nxd5 23. Rxb7 Nc6 24. Rc1 Rec8 25. g3 Na5 26. Rxc8+ Rxc8 27.
Ra7 Rc1+ 28. Kg2 Rc2 29. Kf3 Nc6 30. Ra8+ Kg7 31. Bxa6 Nd4+ 32. Kg4 Rxh2 33.
Nxd6 Ne3+ 34. Kg5 h6# 0-1

[Event "World Rapid Team 2023"]
[Site "Dusseldorf GER"]
[Date "2023.08.28"]
[Round "11.17"]
[Board "4"]
[White "Njoroge, Martin"]
[Black "Czaeczine, Paula"]
[Result "1-0"]
[WhiteElo "1870"]
[BlackElo "1588"]
[WhiteTeam "Kenya Commercial Bank Chess Club"]
[BlackTeam "Deutsche Schachjugend 2"]
[WhiteFideId "10801952"]
[BlackFideId "16249305"]
[EventDate "2023.08.26"]

1. Nf3 d5 2. c4 dxc4 3. Qa4+ Bd7 4. Qxc4 Nf6 5. Nc3 e6 6. e4 c5 7. e5 Ng8 8. Be2
Nc6 9. O-O Nh6 10. d3 Nf5 11. Re1 Be7 12. Ne4 b6 13. Bf4 O-O 14. g4 Nfd4 15. Bd1
Nxf3+ 16. Bxf3 Nd4 17. Bg2 Bc6 18. Re3 Bd5 19. Qc1 Qd7 20. Qd1 f5 21. exf6 Bxf6
22. g5 Be7 23. Be5 Rf5 24. f4 Raf8 25. Rh3 Bd8 26. Qg4 Bc7 27. Nf6+ gxf6 28.
gxf6+ Kh8 29. Qg7+ Qxg7 30. fxg7+ Kg8 31. gxf8=Q+ Kxf8 32. Bxc7 1-0

[Event "World Rapid Team 2023"]
[Site "Dusseldorf GER"]
[Date "2023.08.28"]
[Round "11.17"]
[Board "5"]
[White "Bohatyrova, Mariia"]
[Black "Oluka Robert Mcligeyo"]
[Result "0-1"]
[WhiteElo "1398"]
[BlackElo "2009"]
[WhiteTeam "Deutsche Schachjugend 2"]
[BlackTeam "Kenya Commercial Bank Chess Club"]
[WhiteFideId "34165789"]
[BlackFideId "10814647"]
[EventDate "2023.08.26"]

1. Nf3 d5 2. d4 Nf6 3. c4 c6 4. Nc3 e6 5. Bg5 Nbd7 6. e3 Qa5 7. Bxf6 Nxf6 8. Nd2
Bb4 9. Qc2 O-O 10. Bd3 c5 11. O-O cxd4 12. exd4 dxc4 13. Nxc4 Qh5 14. Be2 Qh4
15. Rad1 Bd7 16. Ne5 Rac8 17. Rd2 Bc6 18. a3 Bxc3 19. bxc3 Be4 20. Bd3 Bxd3 21.
Rxd3 Qe4 22. Qd2 Nd5 23. Re1 Qf4 24. Qxf4 Nxf4 25. Rf3 Nd5 26. Rc1 Nf6 27. Re1
Rfd8 28. h3 Rc7 29. Rc1 Rxd4 30. cxd4 Rxc1+ 31. Kh2 h6 32. Rb3 b6 33. g4 Rd1 34.
Nc6 Ne4 35. Rf3 a6 36. Ne7+ Kf8 37. Nc8 b5 38. Nb6 Rxd4 39. Nc8 Nd2 40. Rc3 Rc4
41. Rxc4 Nxc4 42. Kg3 Nxa3 43. Nd6 Ke7 44. Ne4 a5 45. Nc3 b4 46. Na4 Kd6 47. Kf3
Kc6 48. Ke4 Nc4 49. Kd3 Kb5 50. Kd4 Kxa4 51. Kxc4 0-1

[Event "World Rapid Team 2023"]
[Site "Dusseldorf GER"]
[Date "2023.08.28"]
[Round "11.18"]
[Board "1"]
[White "Kraus, Sebastian"]
[Black "Van Dael, Siem"]
[Result "0-1"]
[BlackTitle "FM"]
[WhiteElo "1904"]
[BlackElo "2285"]
[WhiteTeam "Unischach Bayreuth"]
[BlackTeam "Blerickse Schaakvereniging"]
[WhiteFideId "24690260"]
[BlackFideId "1049771"]
[EventDate "2023.08.26"]

1. e4 c5 2. Nf3 d6 3. Bb5+ Bd7 4. Bxd7+ Nxd7 5. O-O Ngf6 6. Qe2 e6 7. c3 Be7 8.
d4 O-O 9. Rd1 Qb6 10. Nbd2 Rac8 11. Nc4 Qa6 12. d5 Nb6 13. b3 exd5 14. exd5
Nbxd5 15. Bg5 Rfe8 16. Qc2 b5 17. Ncd2 h6 18. Bh4 Bf8 19. a4 b4 20. c4 Nc3 21.
Re1 d5 22. cxd5 Nfxd5 23. Nc4 Qg6 24. Qxg6 fxg6 25. Nfe5 g5 26. Bg3 Nf4 27. Bxf4
gxf4 28. Ng6 Ne2+ 29. Kf1 f3 30. gxf3 Nd4 31. Nge5 Nc2 32. Rad1 Nxe1 33. Rxe1
Rcd8 34. Re4 Rd4 35. Re3 g5 36. a5 Bg7 37. Nc6 Rxe3 38. fxe3 Rd3 39. Nxa7 Rxb3
40. Nc6 Rc3 41. Nd2 Rc2 42. Nb3 c4 43. Nbd4 Bxd4 44. exd4 b3 0-1